| 000 | 00570nam a2200169 i 4500 | ||
|---|---|---|---|
| 001 | 65955 | ||
| 003 | ES-MaACL | ||
| 005 | 20250820142500.0 | ||
| 007 | t| | ||
| 008 | 040123s1932 sp ||||1| spa d | ||
| 245 | 0 | 3 |
_aEl futuro Madrid _b: crítica del proyeto de extensión y extrarradio 1932 / _c[autores, Teodoro de Anasagasti ... [et al.]]. |
| 260 |
_a[Madrid : _bIbéria], _c1932. |
||
| 300 |
_a163 p., 2 planos pleg., 97 lám. : _bil. ; _c28 cm. |
||
| 700 | 1 |
_aAnasagasti, Teodoro de, _d1880-1938 _921375 |
|
| 852 |
_aES-MaACL _jA-1170 |
||
| 999 |
_c65955 _d65955 |
||